[Event "Sant Adria de Besos op-B 1st"]
[Site "Sant Adria de Besos"]
[Date "2017.08.16"]
[Round "8"]
[White "Vives Cabau, Jordi"]
[Black "Barroso Quinones, Antonio"]
[Result "1-0"]
[WhiteElo "1866"]
[BlackElo "1846"]
[PlyCount "51"]
[EventDate "2017.08.11"]
[EventType "swiss"]
[EventRounds "9"]
[EventCountry "ESP"]
[SourceTitle "EXT 2019"]
[Source "ChessBase"]
[SourceDate "2018.10.10"]
[SourceVersion "1"]
[SourceVersionDate "2018.10.10"]
[SourceQuality "1"]

1. f4 e5 2. fxe5 d6 3. Nf3 g5 4. d4 h6 5. Qd3 g4 6. Nfd2 dxe5 7. dxe5 Qg5 8. Nc3 Qxe5 9. Nc4 Qf5 10. e4 Qh5 11. Nd5 Na6 12. Bf4 Qh4+ 13. g3 Qd8 14. 0-0-0 Bd6 15. Nxd6+ cxd6 16. Qc3 Rh7 17. Bxa6 f5 18. Bb5+ Bd7 19. Nc7+ Kf7 20. Bc4+ Kg6 21. exf5+ Kh5 22. Nxa8 Qxa8 23. f6 b5 24. Rd5+ Kg6 25. Qd3+ Kxf6 26. Rxd6+ 1-0

[Event "Sant Adria de Besos op-B 1st"]
[Site "Sant Adria de Besos"]
[Date "2017.08.12"]
[Round "2"]
[White "Romero Funieles, Rafael de Jesus"]
[Black "Barroso Quinones, Antonio"]
[Result "1/2-1/2"]
[WhiteElo "1657"]
[BlackElo "1846"]
[PlyCount "108"]
[EventDate "2017.08.11"]
[EventType "swiss"]
[EventRounds "9"]
[EventCountry "ESP"]
[SourceTitle "EXT 2019"]
[Source "ChessBase"]
[SourceDate "2018.10.10"]
[SourceVersion "1"]
[SourceVersionDate "2018.10.10"]
[SourceQuality "1"]

1. Nf3 Nf6 2. d4 d5 3. Nc3 c5 4. dxc5 Nc6 5. Bg5 e6 6. e4 Be7 7. e5 Nd7 8. Bxe7 Qxe7 9. Nb5 0-0 10. Bd3 Nxc5 11. 0-0 Bd7 12. c3 Nxd3 13. Qxd3 a6 14. Nbd4 f5 15. exf6 Qxf6 16. Rfe1 e5 17. Nxc6 bxc6 18. Rxe5 Bf5 19. Qd4 Be4 20. Rxe4 dxe4 21. Qxe4 c5 22. Qc4+ Kh8 23. Qxc5 Qg6 24. Nd4 Rac8 25. Qe5 Rcd8 26. Qg3 Qe4 27. h3 Rf6 28. f3 Qb7 29. Re1 Rdf8 30. Re2 Qd5 31. b3 Qc5 32. Qe1 Qc8 33. Kh1 h6 34. Re7 Qc5 35. Re4 Qa3 36. Qb1 Qc5 37. Qc2 Qb6 38. c4 Rd8 39. c5 Qb4 40. Nc6 Qd2 41. Re8+ Rxe8 42. Qxd2 Rxc6 43. Qd5 Rce6 44. b4 Re1+ 45. Kh2 R8e5 46. Qc6 Ra1 47. Qxa6 Rb1 48. c6 Rc1 49. Qc8+ Kh7 50. c7 Re7 51. Qf5+ Kg8 52. Qd5+ Kh7 53. Qd3+ Kg8 54. Qd5+ Kh7 1/2-1/2

[Event "Cerdanyola del Valles op 30th"]
[Site "Cerdanyola del Valles"]
[Date "2012.09.29"]
[Round "1"]
[White "Barroso Quinones, Antonio"]
[Black "Mas Recorda, Pere"]
[Result "0-1"]
[WhiteElo "1846"]
[BlackElo "2023"]
[PlyCount "58"]
[EventDate "2012.09.29"]
[EventType "swiss"]
[EventRounds "8"]
[EventCountry "ESP"]
[SourceTitle "EXT 2014"]
[Source "ChessBase"]
[SourceDate "2013.11.20"]
[SourceVersion "1"]
[SourceVersionDate "2013.11.20"]
[SourceQuality "1"]

1. d4 e6 2. e4 d5 3. Nc3 Nf6 4. Bg5 Be7 5. e5 Nfd7 6. h4 a6 7. Qg4 Kf8 8. Rh3 h5 9. Qf4 Bxg5 10. hxg5 g6 11. Bd3 Kg7 12. Nf3 c5 13. g4 hxg4 14. Rh6 gxf3 15. 0-0-0 Qg8 16. Rdh1 Rxh6 17. gxh6+ Kh7 18. Nxd5 exd5 19. e6 fxe6 20. Rg1 Nf8 21. Qd6 Qf7 22. Rg4 Nbd7 23. dxc5 e5 24. Rh4 Qf6 25. Qxd5 Qxh4 26. Qf7+ Kxh6 27. Qg8 Qxf2 28. Qh8+ Kg5 29. Qh1 Nxc5 0-1

[Event "Barcelona Sant Marti op-B 13th"]
[Site "Barcelona"]
[Date "2011.07.16"]
[Round "4.4"]
[White "Ruiz Molina, Gabriel"]
[Black "Barroso Quinones, Antonio"]
[Result "1-0"]
[WhiteElo "1905"]
[BlackElo "1879"]
[PlyCount "85"]
[EventDate "2011.07.13"]
[EventType "swiss"]
[EventRounds "9"]
[EventCountry "ESP"]
[SourceTitle "EXT 2024"]
[Source "ChessBase"]
[SourceDate "2023.10.10"]
[SourceVersion "1"]
[SourceVersionDate "2023.10.10"]
[SourceQuality "1"]

1. d4 Nf6 2. c4 e6 3. Nc3 c5 4. d5 exd5 5. cxd5 d6 6. e4 g6 7. Bd3 Bg7 8. Bg5 0-0 9. Nge2 a6 10. a4 Nbd7 11. 0-0 Ne5 12. Bc2 Nc4 13. b3 Na5 14. f3 Qb6 15. Be3 Nd7 16. Rb1 Qc7 17. Kh1 Rb8 18. f4 b5 19. axb5 axb5 20. f5 Ba6 21. Qd2 b4 22. Nd1 c4 23. fxg6 fxg6 24. Rxf8+ Rxf8 25. Ng3 Be5 26. Bh6 c3 27. Qg5 Bf4 28. Qh4 Bxg3 29. hxg3 Rf1+ 30. Kh2 Ne5 31. Ne3 Rf2 32. Kg1 Rf7 33. Bf4 Nd3 34. Ng4 Nxf4 35. gxf4 Rf8 36. e5 dxe5 37. fxe5 Qg7 38. Ra1 h5 39. Nf6+ Rxf6 40. Qxf6 Qa7+ 41. Kh1 Qd4 42. Bxg6 c2 43. Qf7+ 1-0

[Event "Castellar op 16th"]
[Site "Castellar"]
[Date "2007.07.24"]
[Round "9"]
[White "Barroso Quinones, Antonio"]
[Black "Costa Trave, Jaume"]
[Result "0-1"]
[WhiteElo "1824"]
[BlackElo "2013"]
[PlyCount "58"]
[EventDate "2007.07.13"]
[EventType "swiss"]
[EventRounds "9"]
[EventCountry "ESP"]
[SourceTitle "CBM 119 Extra"]
[Source "ChessBase"]
[SourceDate "2007.09.04"]
[SourceVersion "1"]
[SourceVersionDate "2007.09.04"]
[SourceQuality "1"]

1. d4 d5 2. c4 Bf5 3. Qb3 e5 4. Qxb7 Nd7 5. Qxd5 Ngf6 6. Qa5 Rb8 7. a3 Bxb1 8. Rxb1 exd4 9. Bf4 Rb7 10. g3 Bc5 11. Bg2 Rb6 12. b4 Qe7 13. Rd1 d3 14. bxc5 dxe2 15. Nxe2 Rb2 16. Bf3 0-0 17. Qxc7 Re8 18. Be3 g5 19. 0-0 Ne5 20. Qxe7 Nxf3+ 21. Kg2 Rxe7 22. Kxf3 g4+ 23. Kg2 Rxe2 24. Bh6 Ne8 25. Rd5 f6 26. Rfd1 Ra2 27. R1d3 Re1 28. c6 Raa1 29. f4 Re2# 0-1